[Event "18th Delhi GM Open 2020"]
[Site "Delhi"]
[Date "2020.01.15"]
[Round "9.4"]
[White "Fedorov, Alexei"]
[Black "Stupak, Kirill"]
[Result "*"]
[WhiteElo "2562"]
[BlackElo "2506"]
[Annotator "TA"]
[PlyCount "57"]
[EventDate "2020.01.09"]
[EventType "swiss"]
[EventCountry "IND"]
[SourceTitle "playchess.com"]
[Source "ChessBase"]
[SourceQuality "1"]

{[%evp 14,57,9,0,18,4,9,0,0,-11,0,0,0,0,0,0,0,0,0,0,0,0,0,0,24,0,0,-11,37,-45,-20,-66,-18,-26,112,117,117,117,117,119,162,126,115,100,188,206]} 1. e4 e6 2. Qe2 c5 3. f4 Nc6 4. Nf3 g6 5. g3 Bg7 6. c3 Nge7 7. Bg2 d6 8. O-O O-O {C00: French: Unusual White 2nd moves} 9. Na3 (9. a4 Rb8 10. Na3 a6 11. Rd1 Na5 12. Nc4 Nb3 13. Ra3 Nxc1 14. Rxc1 b5 15. axb5 axb5 16. Ne3 Bb7 17. d3 Qb6 18. Kh1 Ra8 19. Rca1 {½-½ (19) Nepomniachtchi,I (2714)-Morozevich,A (2724) Sochi 2014}) 9... h6 (9... e5 10. d3 h6 11. f5 gxf5 12. Nh4 fxe4 13. dxe4 Be6 {½-½ (30) Fedorov,A (2572)-Stupak,K (2565) Minsk 2018}) 10. Rd1 e5 {The position is equal.} 11. fxe5 $146 ({Predecessor:} 11. d3 Bg4 12. h3 {0-1 (37) Merenyi,G (2147)-Baranyai,S (2248) Hungary 2009}) 11... dxe5 12. d3 Be6 13. Be3 b6 14. Nc4 Qc7 15. a3 a5 16. a4 Rad8 17. b3 Nc8 18. Rab1 N8e7 19. Ne1 f5 20. Nc2 Nc8 (20... f4 {seems wilder.} 21. Bf2 Rf7 22. gxf4 Rdf8 23. f5 gxf5 24. N2a3 Na7) 21. b4 ({White should try} 21. exf5 $14 gxf5 22. N2a3) 21... axb4 (21... f4 {is more complex.} 22. Bf2 axb4 23. cxb4 Nd4 24. Nxd4 cxd4 25. a5 Bxc4 26. dxc4 bxa5 27. bxa5 Qxa5 28. gxf4 Rxf4 29. Qc2 Rf6) 22. cxb4 Bxc4 (22... f4 {feels hotter.} 23. Bf2 Nd4 24. Nxd4 cxd4 25. a5 Bxc4 26. dxc4 bxa5 27. gxf4 axb4 28. f5 gxf5 29. exf5 Nd6) 23. dxc4 cxb4 (23... f4 $11 {remains equal.} 24. Rxd8 Rxd8) 24. Rxd8 $16 ({Much worse is} 24. Nxb4 $6 Rxd1+ 25. Qxd1 Nxb4 $11) 24... Rxd8 25. exf5 ({Don't do} 25. Nxb4 $6 Nxb4 26. Rxb4 f4 $14) 25... gxf5 26. Nxb4 e4 27. Nxc6 Qxc6 28. g4 Bd4 (28... Nd6 $16 {was necessary.}) 29. gxf5 {Accuracy: White = 68%, Black = 36%.} *

[Event "18th Delhi GM Open 2020"]
[Site "Delhi"]
[Date "2020.01.15"]
[Round "9.5"]
[White "Ponkratov, Pavel"]
[Black "Audi Ameya"]
[Result "1-0"]
[WhiteElo "2622"]
[BlackElo "2359"]
[Annotator "TA"]
[PlyCount "123"]
[EventDate "2020.01.09"]
[EventType "swiss"]
[EventCountry "IND"]
[SourceTitle "playchess.com"]
[Source "ChessBase"]
[SourceQuality "1"]

{[%evp 9,125,11,18,11,17,14,19,8,29,24,32,32,29,28,29,26,32,29,27,5,32,26,19,0,0,-9,13,0,35,37,37,32,30,35,50,15,67,46,62,0,0,0,13,0,0,0,13,6,56,8,20,8,14,10,54,24,22,20,14,16,53,52,68,53,58,-97,70,70,70,54,80,45,45,45,93,77,72,64,121,58,64,66,64,73,72,69,82,67,72,46,72,67,61,48,255,252,371,258,910,597,576,418,866,843,833,620,825,820,1022,989,939,797,29982,29983,29983,29984,29984,29985]} 1. e4 e5 2. Nf3 Nc6 3. d4 exd4 4. Nxd4 Qf6 5. Nb5 Bc5 {[%csl Gc5][%cal Rf6f2]} 6. Qf3 {C45: Scotch Game} (6. Qe2 Bb6 7. N1c3 Nge7 8. Be3 Ba5 9. O-O-O a6 10. Nd5 Nxd5 11. exd5 axb5 12. Bd4+ Qe7 13. dxc6 dxc6 14. Bxg7 Qxe2 15. Bxe2 Rg8 {½-½ (30) Perunovic,M (2578)-Grandelius,N (2681) Budva 2019}) 6... Nd4 7. Nxd4 Bxd4 8. c3 {The position is equal.} Bc5 $146 ({Predecessor:} 8... Qxf3 9. gxf3 Bb6 10. Rg1 g6 11. Na3 a6 12. Bh3 d6 13. Bxc8 Rxc8 {½-½ (65) Naiditsch,Y (2275)-Marrero Lopez,Y (2324) Tromsoe 2014}) 9. Nd2 d6 10. b4 Bb6 11. Nc4 Be6 12. a4 {Black must now prevent a5.} Bxc4 13. Bxc4 {Strongly threatening a5.} a5 14. Rb1 Qxf3 15. gxf3 Ne7 16. f4 O-O 17. b5 Rae8 18. Kf1 Kh8 19. f5 Ng8 20. f3 Nf6 21. Bg5 Bc5 22. Rd1 b6 (22... c6 $11) 23. Bb3 h6 24. Bc1 (24. Bxf6 $1 $14 gxf6 25. Rd2) 24... Kh7 $11 25. Kg2 g6 26. Rhe1 Kg7 27. Bd5 Re7 28. Bc6 Rg8 29. Kh3 Kh7 30. Bf4 Bf2 31. Re2 Nh5 32. Bc1 Bc5 33. fxg6+ fxg6 34. f4 Rf8 35. Rf1 g5 {[%cal Rh5f4]} 36. f5 Nf6 37. Kg3 $2 {[#]} (37. Rfe1 $14 {keeps the upper hand.}) 37... Re5 $2 (37... d5 $1 $17 {[%mdl 512]} 38. c4 (38. Bxd5 Nxd5) 38... dxe4) 38. c4 $1 $14 Re7 39. Bb2 Nh5+ 40. Kf3 Nf4 41. Rd2 Ng6 42. Bd5 Ne5+ 43. Ke2 Kg7 {[#]} (43... Rg7 $14) 44. Rd3 (44. h4 $1 $16) 44... Kf6 45. Rh3 Rh8 $1 46. Rh5 Rg7 47. Bc3 Rhh7 48. Bd2 Bd4 49. Rd1 Bb2 50. Rb1 Bd4 51. Rb3 $36 {[%mdl 2048] White has the initiative.} Rh8 $2 (51... Ke7 $14) 52. Rbh3 $18 Ng4 (52... Nd7 {might work better.} 53. Rxh6+ Rxh6 54. Rxh6+ Ke7 55. Re6+ Kf8) 53. Rd3 Nxh2 $2 (53... Be5 54. h3 Nh2) 54. Rxh2 Be5 55. Rdh3 Bxh2 (55... Rgh7 $142 56. Rg2 Kg7) 56. Rxh2 {Threatening mate with Bc3+.} Re7 57. Bc3+ Re5 58. Rh5 Rh7 59. Kf3 Rh8 60. c5 dxc5 61. Bc4 {White mates.} Rh7 62. Kg4 {Played: Rh5-h1} 1-0

[Event "18th Delhi GM Open 2020"]
[Site "Delhi"]
[Date "2020.01.15"]
[Round "9.6"]
[White "Harsha Bharathakoti"]
[Black "Karthikeyan, Murali"]
[Result "1/2-1/2"]
[WhiteElo "2502"]
[BlackElo "2606"]
[Annotator "TA"]
[PlyCount "111"]
[EventDate "2020.01.09"]
[EventType "swiss"]
[EventCountry "IND"]
[SourceTitle "playchess.com"]
[Source "ChessBase"]
[SourceQuality "1"]

{[%evp 16,111,43,43,46,39,43,43,53,0,18,43,25,25,63,45,51,39,84,87,85,58,73,71,70,77,91,41,62,0,0,0,0,-51,-33,-47,0,-61,-50,-20,-20,-16,-11,-62,-47,-107,-91,-99,-108,-120,-91,-91,-99,-91,-104,-127,-142,-170,-159,-190,-149,-153,-150,-148,-140,-204,0,0,0,0,0,0,0,0,0,0,0,0,0,0,0,0,0,0,0,-10,-10,-10,-10,-10,-10,-10,-10,-10,-10,-10,-10,-10]} 1. d4 Nf6 2. c4 g6 3. Nc3 Bg7 4. e4 d6 5. Be2 O-O 6. Bg5 c5 7. d5 a6 8. a4 h6 9. Be3 e6 {E74: King's Indian: Averbakh Variation: 6...c5} 10. Qd2 (10. Nf3 exd5 11. cxd5 Bg4 12. Nd2 Bxe2 13. Qxe2 Re8 14. O-O Nbd7 15. h3 Nh5 16. a5 Rb8 17. Ra4 {½-½ (73) Topalov,V (2777)-Radjabov,T (2744) Bilbao 2008}) 10... exd5 11. exd5 Kh7 {White is slightly better.} 12. h4 Re8 $146 ({Predecessor:} 12... Ng4 13. Bxg4 Bxg4 14. f3 Bc8 15. h5 g5 16. Nge2 Re8 17. Ne4 {0-1 (69) Scalcione,M (2325)-Cappai,D (2237) Condino 2014}) 13. h5 g5 14. Nf3 Ng4 15. Nxg5+ $1 hxg5 16. Bxg5 Bf6 17. Bxf6 Qxf6 18. O-O-O Qh6 19. Rde1 {aiming for Bd3+.} Qxd2+ ({Wrong is} 19... Nxf2 $2 20. Rhf1 $18) 20. Kxd2 {Hoping for Bd3+.} Nf6 {[#]} 21. g4 $1 {[%mdl 1536] White has strong compensation.} Rg8 (21... Bxg4 22. Bxg4) 22. Bd3+ (22. f3 $1 $14) 22... Kh6 $11 23. f3 Nbd7 24. a5 (24. Be2 $11) 24... Ne5 25. Be2 $1 Bd7 26. Rhg1 (26. Ref1 $11) 26... b5 $15 27. axb6 Rab8 28. Ref1 Nh7 29. Ne4 (29. g5+ $11 Nxg5 30. Kc1) 29... Rxb6 30. g5+ (30. b3 $15) 30... Nxg5 31. Rxg5 Rxg5 32. Nxg5 Rxb2+ 33. Ke3 {[#]} Nxc4+ $1 {[%mdl 512]} 34. Bxc4 Kxg5 $17 {[%mdl 4096] Endgame KRB-KRB} 35. Rg1+ Kxh5 36. Bxa6 Rb3+ 37. Kf4 Rb4+ 38. Ke3 Bf5 39. Rg8 Bg6 40. Rc8 {[#]} (40. Rd8 $17) 40... Rb6 $2 (40... Rd4 $1 $19 41. Rc7 f5) 41. Rc6 $1 $11 {[%cal Rc6b6] The position is equal.} Rb3+ 42. Kf4 Rb4+ 43. Kg3 f5 44. Rxd6 f4+ 45. Kf2 Rd4 46. Rd8 c4 {Strongly threatening ...c3.} 47. Rc8 Bd3 48. d6 c3 49. Bxd3 Rxd3 {KR-KR} 50. d7 Rd2+ 51. Kf1 Rxd7 52. Rxc3 Kh4 53. Rc2 $1 Kh3 54. Kf2 Rb7 55. Ra2 Rb1 56. Rc2 {Accuracy: White = 63%, Black = 78%.} 1/2-1/2

[Event "18th Delhi GM Open 2020"]
[Site "Delhi"]
[Date "2020.01.15"]
[Round "9.7"]
[White "Pantsulaia, Levan"]
[Black "Nigmatov, Ortik"]
[Result "1-0"]
[WhiteElo "2598"]
[BlackElo "2467"]
[Annotator "TA"]
[PlyCount "109"]
[EventDate "2020.01.09"]
[EventType "swiss"]
[EventCountry "IND"]
[SourceTitle "playchess.com"]
[Source "ChessBase"]
[SourceQuality "1"]

{[%evp 18,109,27,12,37,0,0,0,31,18,20,0,0,18,0,-4,-10,-21,11,-6,0,-6,-11,-6,-8,-5,-8,-15,-15,-30,-4,-25,0,-13,0,-9,13,0,0,0,0,0,0,0,0,0,66,50,46,48,59,57,91,88,97,97,97,97,299,295,298,288,285,295,285,297,803,723,706,676,29996,906,29982,29983,29983,29983,29989,29990,29999,837,658,502,620,602,1314,828,3622,29974,29983,29984,29984,29985,29985,29986]} 1. g3 Nf6 2. Bg2 g6 3. c4 Bg7 4. Nc3 O-O 5. d4 d6 6. Nf3 Nc6 7. O-O e5 8. dxe5 dxe5 9. Bg5 Be6 10. Qa4 Qc8 {E62: King's Indian: Fianchetto: 6...c6 and Panno Variation (6...Nc6) without ...a6} (10... Qb8 11. Bxf6 Bxf6 12. Nd2 Bg7 13. Rfd1 Rd8 14. Nb3 Nd4 15. Nc5 c6 16. e3 Bg4 17. exd4 exd4 18. N3e4 Bxd1 19. Rxd1 {1-0 (32) Carlsen,M (2835)-Firouzja,A (2607) St Petersburg 2018}) 11. Rad1 Nd7 12. b3 Re8 $146 {The position is equal.} ({Predecessor:} 12... h6 13. Be3 f5 14. Nd5 Nb6 15. Bxb6 axb6 16. Qxc6 bxc6 17. Ne7+ Kf7 18. Nxc8 Rfxc8 {½-½ (33) Matnadze,A (2362)-Skripchenko,A (2414) Salamanca 2018}) 13. Qa3 f5 {Threatens to win with ...e4.} 14. Qc1 e4 15. Ne1 Nce5 16. Nd5 Bxd5 17. cxd5 Nb6 18. Nc2 Qd7 19. Ne3 Nf7 20. Bf4 Rac8 21. h4 Be5 22. Bxe5 Rxe5 23. Qa3 Nd6 24. Rd2 {[%cal Bd1d2,Bd2c2,Bc2c7][%mdl 32]} Qf7 25. Rc1 h5 26. Qb2 $36 {[%mdl 2048] White fights for an advantage.} Rce8 27. Rdc2 R5e7 28. Bh3 Kh7 29. a4 Nxd5 30. Nxd5 Qxd5 31. Rxc7 {Qf6 is the strong threat.} e3 (31... Nf7 $11) 32. f3 Qf7 33. Qc3 Kg8 34. Rc5 Kh7 35. Qd4 Qe6 36. Rd5 Nf7 37. f4 Rc8 $2 (37... b6 $16 {was necessary.}) 38. Rxc8 $18 Qxc8 39. Qxa7 Qc1+ 40. Kh2 Rc7 41. Qb6 Rc2 $2 {[#]} (41... Re7 42. Qf6 Rc7) 42. Rd7 $1 Rxe2+ 43. Bg2 Kg8 {If Black can now play ...Qc6 this consolidates a bit.} 44. Qxb7 (44. Qxg6+ $142 Kh8 45. Qxh5+ {[%mdl 64] Double Attack} Kg8 46. Qxf7+ Kh8 47. Qh7#) 44... Qf1 45. Rxf7 Rxg2+ 46. Qxg2 e2 47. Re7 {[%cal Rg2a8]} e1=Q 48. Rxe1 (48. Qa8# $142) 48... Qxe1 {[%mdl 4096] Endgame KQ-KQ} 49. Qb2 Kh7 50. b4 {[%cal Bb3b4,Bb4b5,Bb5b6,Bb6b7][%mdl 32]} Qe6 51. b5 {Strongly threatening b6.} Qb6 {[#]} 52. a5 $1 Qxa5 {White mates.} 53. b6 Qa8 54. b7 Qb8 55. Kh3 {Accuracy: White = 66%, Black = 33%.} 1-0

[Event "18th Delhi GM Open 2020"]
[Site "Delhi"]
[Date "2020.01.15"]
[Round "9.8"]
[White "Mchedlishvili, Mikheil"]
[Black "Rathnakaran, K.."]
[Result "1/2-1/2"]
[WhiteElo "2578"]
[BlackElo "2329"]
[Annotator "TA"]
[PlyCount "155"]
[EventDate "2020.01.09"]
[EventType "swiss"]
[EventCountry "IND"]
[SourceTitle "playchess.com"]
[Source "ChessBase"]
[SourceQuality "1"]

{[%evp 16,155,37,31,32,34,29,24,29,15,73,68,70,53,72,24,24,24,24,24,24,24,24,36,47,43,67,75,80,82,81,75,83,83,83,55,85,27,27,27,27,27,27,27,27,27,27,27,27,0,0,0,0,0,0,0,18,23,35,0,75,75,75,75,75,75,75,75,77,79,99,81,312,289,278,114,146,0,149,147,112,70,74,93,70,70,244,46,262,0,255,0,0,0,0,0,0,0,0,0,0,0,0,0,0,0,0,0,0,0,0,0,0,0,0,0,0,0,0,0,0,0,0,0,0,0,0,0,0,0,0,0,0,0,0,0,0,0,0,0,0,0]} 1. e4 e6 2. d4 d5 3. Nd2 Nf6 4. e5 Nfd7 5. c3 c5 6. f4 Nc6 7. Ndf3 cxd4 8. cxd4 f5 9. Bd3 Nb6 {C05: French Tarrasch: 3...Nf6 4 e5 Nfd7, 5 f4 and 5 Bd3 sidelines} 10. Ne2 Bd7 11. O-O Be7 {White has an edge.} 12. Kh1 h6 $146 (12... Nb4 $11 {keeps the balance.}) ({Predecessor:} 12... O-O 13. Rg1 Be8 14. b3 Bh5 15. Qf1 Nb4 16. Bb1 Rc8 17. a3 Nc6 18. Bd2 a5 19. h3 {½-½ (69) Zinchenko,Y (2491)-Ganguly,S (2585) Warsaw 2007}) 13. g4 $16 g6 ({Reject} 13... fxg4 14. Bg6+ Kf8 15. Ng5 $1 $18 {[%mdl 512]}) 14. Nc3 a6 15. Be3 Qc7 $1 16. gxf5 gxf5 17. Nh4 O-O-O 18. Ng6 Rh7 19. Nxe7+ Nxe7 20. b3 Bc6 ({Not} 20... Qxc3 $2 21. Rc1 $18) 21. Be2 Rg7 22. Rc1 Rdg8 23. a4 Kb8 24. Na2 Qd8 25. Nb4 a5 26. Nxc6+ (26. Nd3 $16) 26... Nxc6 $11 27. Bf2 Nc8 28. Rc3 N8a7 29. Rh3 Rg6 30. Rg1 Qf8 31. Rxg6 (31. Rhg3 {looks sharper.} Rxg3 32. hxg3 Nb4 33. Qd2 Rg7 34. Qe3) 31... Rxg6 32. Rg3 Rxg3 33. hxg3 Qb4 34. Kg2 Qc3 35. Qd3 Qb2 36. g4 Nb4 37. Qe3 Nac6 (37... Qc2 $11 {remains equal.}) 38. gxf5 $16 exf5 39. e6 $36 {[%mdl 2048] White is really pushing.} Ne7 40. Bh4 Nbc6 41. Bf6 Ka7 42. Kg3 Ng8 43. Bh4 Nce7 $2 {[#]} (43... Qxd4 $16 {was worth a try.} 44. Qxd4+ Nxd4) 44. Bh5 $1 $18 Qc2 45. Kh3 (45. Bf7 $18) 45... Kb6 46. Qf3 (46. Bf7 $16) 46... Kc7 (46... Qe4 $1 $11) 47. Bf7 $16 Qe4 48. Qxe4 dxe4 {[%mdl 4096] Endgame KBB-KNN} 49. Kg3 Kd6 50. Kf2 b6 $2 (50... Kd5 $14) 51. Ke2 $2 (51. d5 $18) 51... Kc6 $2 (51... h5 $1 $14) 52. Kf1 $2 ({White should try} 52. d5+ $18 Kd6 53. Ke1) 52... Kd6 $2 {[%mdl 8192] [#]} (52... Kd5 $11 {and Black has nothing to worry.}) 53. d5 $1 {[%mdl 512]} Kxd5 $11 {The position is equal.} 54. Bxg8 Nxg8 55. e7 Nxe7 $1 56. Bxe7 {And now Bf6 would win. KB-KP} Kd4 $1 {[%cal Rd4c3] White must now prevent ...Kc3.} 57. Bd8 Kc3 58. Bxb6 Kxb3 59. Bxa5 {Threatens to win with Kf2.} Kxa4 {KB-K3P} 60. Bd8 (60. Bd2 {seems wilder.} Kb3 61. Kg1 Kc4 62. Kh2 Kd3 63. Bb4) 60... Kb3 61. Ke2 Kc3 62. Ke3 Kc4 63. Ba5 Kd5 64. Bc3 Kc5 65. Bg7 {aiming for Bf8+.} h5 66. Bf6 Kd5 67. Bh4 Kc4 68. Be1 Kc5 69. Bf2 Kd5 70. Kd2 Kc4 71. Kc2 Kb4 72. Bh4 Kc4 73. Kd2 Kd4 74. Bf2+ Kc4 75. Ke3 Kc3 76. Bh4 Kc4 77. Bf6 Kd5 78. Bh4 {Accuracy: White = 61%, Black = 62%.} 1/2-1/2

[Event "18th Delhi GM Open 2020"]
[Site "Delhi"]
[Date "2020.01.15"]
[Round "9.9"]
[White "Shyaamnikhil P"]
[Black "Rozum, Ivan"]
[Result "1-0"]
[WhiteElo "2458"]
[BlackElo "2573"]
[Annotator "TA"]
[PlyCount "75"]
[EventDate "2020.01.09"]
[EventType "swiss"]
[EventCountry "IND"]
[SourceTitle "playchess.com"]
[Source "ChessBase"]
[SourceQuality "1"]

{[%evp 11,105,-30,-36,-27,-18,-33,-28,-21,0,0,-7,0,0,0,0,-1,19,0,0,-1,10,6,0,-25,-13,-13,-10,-4,-6,-7,-11,-8,4,3,6,5,3,5,15,18,15,-12,-9,-11,-8,-12,-10,-14,-17,-56,-46,-48,-70,-76,-76,-83,6,9,9,4,4,6,54,35,46,-579,-452,-427,86,16,16,0,0,0,0,0,0,0,16,17,10,10,3073,2187,4133,3156,2401,2316,1745,1197,1230,1101,2170,1619,1230,1201]} 1. d4 Nf6 2. c4 d6 3. Nc3 e5 4. dxe5 dxe5 5. Qxd8+ Kxd8 6. Bg5 Be6 7. O-O-O+ {A53: Old Indian Defence without Nf3} Nbd7 8. Nf3 Kc8 9. e3 {Black has an edge.} Ng4 (9... c6 10. Nd2 Bb4 11. Nce4 Nxe4 12. Nxe4 h6 13. a3 Bf8 14. Bh4 f5 {0-1 (27) Murey,J (2428)-Mamedov,R (2650) Jerusalem 2015}) 10. Bh4 f6 11. h3 Nh6 12. g4 Nf7 13. Be2 c6 14. Bg3 $146 ({Predecessor:} 14. Nd2 Nb6 15. f4 Bc5 16. f5 Bd7 17. Bf2 Be7 18. Nde4 c5 19. Rd2 Rd8 {½-½ (19) Pomes Marcet,J (2344)-Romero Holmes,A (2465) Barcelona 2015}) 14... Bb4 15. Kc2 Nc5 16. Nd2 Nd6 17. f3 Bf7 18. a3 Bg6+ 19. e4 Bxc3 $1 20. Kxc3 Ne6 21. Nb3 $132 {[%mdl 2048] White puts up resistance} Kc7 22. c5 Nb5+ 23. Bxb5 cxb5 24. Nd4 Nxc5 25. Nxb5+ Kc6 26. Nd6 (26. a4 $5 {[%cal Rd1d6]} b6 27. Bf2 Nxa4+ 28. Kb4 $11) 26... Rhd8 27. Nf5 Ne6 28. Ne7+ Kb5 29. Rd5+ Rxd5 30. exd5 Nd4 31. Bf2 Nxf3 32. Be3 Be4 33. Rd1 a5 {[#]} (33... b6 $17) 34. a4+ $1 $11 {[%mdl 512]} Ka6 $1 (34... Kxa4 35. Kc4) 35. d6 {Strongly threatening d7.} Rd8 $1 36. Nd5 $1 {[%cal Rd5c7]} b6 (36... Bxd5 $5 37. Rxd5 Nd4 $11) 37. Nxb6 Nd4 38. Nc4 {Played: Nb6-d5} 1-0

[Event "18th Delhi GM Open 2020"]
[Site "Delhi"]
[Date "2020.01.15"]
[Round "9.10"]
[White "Gusain, Himal"]
[Black "David, Alberto"]
[Result "1/2-1/2"]
[WhiteElo "2401"]
[BlackElo "2562"]
[Annotator "TA"]
[PlyCount "79"]
[EventDate "2020.01.09"]
[EventType "swiss"]
[EventCountry "IND"]
[SourceTitle "playchess.com"]
[Source "ChessBase"]
[SourceQuality "1"]

{[%evp 9,79,4,9,12,21,23,20,0,0,0,7,0,0,0,0,0,0,0,0,0,-3,-2,0,0,0,8,16,15,32,0,56,54,80,81,78,83,75,81,89,111,181,168,212,22,22,31,27,14,113,0,7,-11,0,0,0,0,0,0,0,0,0,0,0,0,0,-8,-8,-13,0,0,0,-4]} 1. e4 c6 2. d4 d5 3. e5 Bf5 4. h4 h5 5. Bd3 Bxd3 6. Qxd3 {B12: Caro-Kann: Advance Variation} Qa5+ 7. Nd2 {next e6! is good for White.} e6 8. Ngf3 Qa6 9. c4 Nh6 10. O-O Nf5 11. b3 Nd7 $146 ({Predecessor:} 11... Be7 12. g3 Nd7 {0-1 (41) Ladron de Guevara Pinto,P (2369)-Anton Guijarro,D (2627) Linares 2016}) 12. Qc2 Be7 13. g3 O-O 14. Bb2 g6 15. a3 c5 16. dxc5 Nxc5 17. b4 Nd7 18. cxd5 exd5 19. Rac1 Rfe8 ({Black should play} 19... Nb6 $11) 20. Nb3 $36 {[%mdl 2048] White has good play.} Bf8 21. Rfe1 Bh6 {[#]} 22. Rcd1 $1 Rac8 23. Qb1 Qa4 24. Qd3 Rcd8 {[#]} (24... Re7 $16) 25. e6 $1 $18 {[%cal Re6f7]} ({But not} 25. Qxd5 Nf8 $16) 25... Rxe6 26. Nbd4 $2 ({Not} 26. Qxd5 Rd6 $11) (26. Rxe6 $18 fxe6 27. Nbd4) 26... Rxe1+ $1 $11 27. Rxe1 Ng7 $1 28. Nb3 Qc6 (28... Re8 $11 {remains equal.}) 29. Rd1 (29. Na5 $16 Qb6 30. Qxd5) 29... Nf8 {The position is equal.} 30. Na5 Qc7 31. Be5 Qd7 32. Bf6 Rc8 $1 33. Qxd5 Rc1 34. Qxd7 Nxd7 35. Rxc1 Bxc1 36. Bc3 Bxa3 37. Nxb7 Nb6 38. b5 Nd5 39. Be5 Ne6 40. Bb8 {Accuracy: White = 62%, Black = 55%.} 1/2-1/2

[Event "18th Delhi GM Open 2020"]
[Site "Delhi"]
[Date "2020.01.15"]
[Round "9.11"]
[White "Neelash Saha"]
[Black "Debashis, Das"]
[Result "1/2-1/2"]
[WhiteElo "2356"]
[BlackElo "2523"]
[Annotator "TA"]
[PlyCount "93"]
[EventDate "2020.01.09"]
[EventType "swiss"]
[EventCountry "IND"]
[SourceTitle "playchess.com"]
[Source "ChessBase"]
[SourceQuality "1"]

{[%evp 18,93,0,-12,-8,-36,-28,-35,-21,-9,0,0,0,-26,-31,-37,-34,-37,-45,-39,-37,-35,-41,-73,-66,-49,-37,-100,-95,-86,-89,-93,-98,-124,-136,-204,-185,-200,-174,-167,-68,-68,-70,-72,-73,-69,-61,-78,-63,-91,-48,-67,-49,-49,-15,-8,0,0,0,0,0,0,0,-8,-8,-8,0,-8,-8,-8,0,0,0,0,0,-8,-8,-8]} 1. d4 Nf6 2. c4 g6 3. Nc3 d5 4. Nf3 Bg7 5. Qb3 dxc4 6. Qxc4 O-O 7. e4 Bg4 8. Be2 Nc6 9. Be3 Bxf3 10. Bxf3 e5 {[%cal Re5d4] D98: Grünfeld: Russian System: 7 e4 Bg4 .} 11. d5 Nd4 $1 12. Bd1 c6 {Black is slightly better.} 13. dxc6 bxc6 14. O-O Rb8 15. b4 a5 16. a3 axb4 17. axb4 Qd6 18. Rb1 Rb7 {[%cal Bb8b7,Bb7d7,Bd7d5][%mdl 32]} 19. f4 {[#] And now fxe5 would win.} Rd8 20. Rb2 exf4 21. Bxf4 Qe6 22. Qa6 ({White should play} 22. Qxe6 $1 $15 Nxe6 23. Be5) 22... Rbd7 $17 23. e5 Nd5 24. Nxd5 Rxd5 25. Bg5 Re8 ({And not} 25... Qxe5 26. Bxd8 Rxd8 27. Rbf2 $14) 26. Bf6 (26. Rbf2 $17) 26... Bxf6 $19 27. exf6 Rf5 28. Rxf5 gxf5 (28... Qxf5 $19 29. Rf2 Qb1) 29. Rf2 $15 Qxf6 30. Rf1 Kg7 31. Qd3 Qe5 32. Kh1 Re6 33. h3 Qe3 34. Qc4 Qd2 35. Bh5 Kh6 36. Bxf7 {The position is equal.} Re1 37. Rxe1 Qxe1+ 38. Kh2 Qe5+ 39. Kh1 f4 {Threatens to win with ...Qe1+.} 40. Qc5 Qxc5 41. bxc5 $11 {[%mdl 4096] Endgame KB-KN} Kg7 42. Be8 Kf6 43. g3 f3 (43... Ke7 $5 44. Bh5 $8 Ke6 $11) 44. Kg1 Ke6 45. Kf2 Kd5 46. g4 Kxc5 47. g5 {Accuracy: White = 79%, Black = 93%.} 1/2-1/2